El monstruo al que le gustaba leer (Record no. 11750)

MARC details
000 -LEADER
campo de control de longitud fija 01522cac a2200313 a 4500
003 - IDENTIFICADOR DE NÚMERO DE CONTROL
campo de control CO-PeBPM
005 - FECHA Y HORA DE LA ÚLTIMA TRANSACCIÓN
campo de control 20260413163338.0
007 - CAMPO FIJO DE DESCRIPCIÓN FÍSICA--INFORMACIÓN GENERAL
campo de control de longitud fija ta
008 - DATOS DE LONGITUD FIJA--INFORMACIÓN GENERAL
campo de control de longitud fija 231129s2016||||ck a||||||||||||| ||spa||
020 ## - NÚMERO INTERNACIONAL ESTÁNDAR DEL LIBRO
Número Internacional Estándar del Libro 9789583043963
040 ## - FUENTE DE CATALOGACIÓN
Centro catalogador/agencia de origen CO-PeBPM
Lengua de catalogación spa
Centro/agencia transcriptor CO-PeBPM
Normas de descripción rda
041 ## - CÓDIGO DE IDIOMA
Código de lengua del texto/banda sonora o título independiente spa
082 04 - NÚMERO DE LA CLASIFICACIÓN DECIMAL DEWEY
Número de clasificación (i) 819.3 Ch486m
Número de edición 22
100 1# - ENTRADA PRINCIPAL--NOMBRE DE PERSONA
Nombre de persona Chartrand, Lili
Término indicativo de función/relación autora
245 #0 - MENCIÓN DEL TÍTULO
Título El monstruo al que le gustaba leer
Mención de responsabilidad, etc. / Texto Lili Chartrand; ilustraciones
250 ## - MENCION DE EDICION
Mención de edición Primera edición
264 ## - PRODUCCIÓN, PUBLICACIÓN, DISTRIBUCIÓN, FABRICACIÓN Y COPYRIGHT
Producción, publicación, distribución, fabricación y copyright Bogotá, Colombia : Panamericana
Nombre del de productor, editor, distribuidor, fabricante : Panamericana Editorial
Fecha de producción, publicación, distribución, fabricación o copyright , 2016
300 ## - DESCRIPCIÓN FÍSICA
Extensión [37] páginas
Otras características físicas ilustraciones a color
Dimensiones 23 cm.
490 ## - MENCIÓN DE SERIE
Mención de serie Plan Nacional de Lectura y Escritura Leer es mi Cuento / Ministerio de Cultura
500 ## - NOTA GENERAL
Nota general Edición Especial. Colección para la primera infancia del Ministerio de Cultura, Plan Nacional de Lectura y Escritura, Leer es mi cuento 2016
520 ## - RESUMEN, ETC.
Sumario, etc. En el límite de un fabuloso bosque, un gran monstruo descubre un día un objeto extraño. Luego de haberlo olido y lamido, lo abandona, furioso. ¡No tenía ningún sabor! Sin embargo este sorprendente objeto va a cambiar su vida...Tomado de la contracubierta del libro
521 ## - NOTA DE PÚBLICO DESTINATARIO
Nota de público destinatario Recomendado para niños de 4 a 6 años
534 ## - NOTA SOBRE LA VERSIÓN ORIGINAL
Mención de título del original Le gros monstre qui aimait trop lire
650 17 - PUNTO DE ACCESO ADICIONAL DE MATERIA--TÉRMINO DE MATERIA
Término de materia o nombre geográfico como elemento de entrada Literatura infantil canadiense
Fuente del encabezamiento o término LEMB
650 17 - PUNTO DE ACCESO ADICIONAL DE MATERIA--TÉRMINO DE MATERIA
Término de materia o nombre geográfico como elemento de entrada Cuentos Infantiles canadienses
Fuente del encabezamiento o término LEMB
650 17 - PUNTO DE ACCESO ADICIONAL DE MATERIA--TÉRMINO DE MATERIA
Término de materia o nombre geográfico como elemento de entrada Monstruos en la literatura
Fuente del encabezamiento o término LEMB
650 17 - PUNTO DE ACCESO ADICIONAL DE MATERIA--TÉRMINO DE MATERIA
Término de materia o nombre geográfico como elemento de entrada Miedo en la literatura
Fuente del encabezamiento o término LEMB
942 ## - ELEMENTOS DE ENTRADA SECUNDARIOS (KOHA)
Fuente del sistema de clasificación o colocación Clasificación Decimal Dewey
Tipo de ítem Koha Literatura infantil
Holdings
Estatus retirado Estado de pérdida Fuente del sistema de clasificación o colocación Estado de daño No para préstamo Colección Biblioteca de origen Biblioteca actual Ubicación en estantería Fecha de adquisición Fuente de adquisición Total de préstamos Signatura topográfica completa Código de barras Visto por última vez Fecha del último préstamo Copia número Precio de reemplazo Tipo de ítem Koha
    Clasificación Decimal Dewey     Colección infantil BIBLIOTECA PÚBLICA MUNICIPAL RAMON CORREA MEJIA BIBLIOTECA PÚBLICA MUNICIPAL RAMON CORREA MEJIA Área de niños 11/07/2018 Donación Biblioteca Nacional 3 (i) 819.3 Ch486m 41001 23/07/2025 18/06/2025 Ej. 1 29/11/2023 Literatura infantil
    Clasificación Decimal Dewey     Colección infantil BIBLIOTECA SAN JOAQUIN BIBLIOTECA SAN JOAQUIN Área de niños 13/04/2019 Donación Biblioteca Nacional   (i) 819.3 Ch486m 63673 13/04/2026   Ej. 1 13/04/2026 Literatura infantil

Powered by Koha